Statistics for Asian countries by population

Click here to take the quiz!

General Stats

  • This quiz has been taken 16 times
  • The average score is 40 of 52

Answer Stats

PopulationStarting letterCountry% Correct
168,986,000BBangladesh
100%
1,443,773,000CChina
100%
1,514,236,000IIndia
100%
293,324,000IIndonesia
100%
128,333,000JJapan
100%
221,596,000PPakistan
100%
145,235,000RRussia
100%
97,125,000VVietnam
100%
50,345,000S...South Korea
92%
11,124,000AAzerbaijan
85%
18,540,000CCambodia
85%
80,007,000IIran
85%
41,753,000IIraq
85%
26,095,000N...North Korea
85%
116,705,000PPhilippines
85%
34,455,000S...Saudi Arabia
85%
67,871,000TThailand
85%
86,352,000TTurkey
85%
36,078,000UUzbekistan
85%
34,245,000AAfghanistan
77%
20,945,000KKazakhstan
77%
34,116,000MMalaysia
77%
30,357,000NNepal
77%
2,663,000QQatar
77%
5,859,000SSingapore
77%
23,274,000S...Sri Lanka
77%
22,843,000SSyria
77%
27,436,000TTaiwan
77%
9,356,000U...United Arab Emirates
77%
30,531,000YYemen
77%
2,345,000AArmenia
69%
476,000BBrunei
69%
55,463,000BBurma
69%
1,456,000CCyprus
69%
3,953,000GGeorgia
69%
7,503,000H...Hong Kong
69%
8,463,000IIsrael
69%
10,867,000JJordan
69%
6,956,000KKyrgyzstan
69%
395,000MMaldives
69%
4,683,000OOman
69%
9,745,000TTajikistan
69%
7,245,000TTurkmenistan
69%
2,005,000BBahrain
62%
836,000BBhutan
62%
4,104,000KKuwait
62%
7,757,000LLaos
62%
6,974,000LLebanon
62%
676,000MMacau
62%
3,864,000MMongolia
62%
1,865,000T...Timor-Leste
62%
5,242,000PPalestine
38%

Score Distribution

Percentile by Number Answered

Percent of People with Each Score

Your Score History

You have not taken this quiz